| 000 | 00519nam a2200205Ia 4500 | ||
|---|---|---|---|
| 003 | 0100 | ||
| 008 | 130307s9999 xx 000 0 und d | ||
| 020 | _a0826412300 | ||
| 040 | _cARRUPELIB | ||
| 050 | _aRA644.A25C376 2000 | ||
| 245 | _aCatholic ethicists on HIV/AIDS prevention | ||
| 260 | _aNew York | ||
| 260 | _bThe Continuum International Publishing Group | ||
| 260 | _c2001 | ||
| 300 | _a351p. | ||
| 300 | _b23cm. | ||
| 650 | _aCATHOLIC CHURCH | ||
| 700 | _aS. J. Keenan, James F. (ed.) | ||
| 942 | 0 | 0 | _06 |
| 999 |
_c100120 _d100120 |
||